[Event "Alberta-ch"]
[Site "Calgary CAN"]
[Date "1989.05.13"]
[Round "5"]
[White "South, Robert"]
[Black "Reeve, Jeff"]
[Result "1/2-1/2"]
[WhiteElo "2280"]
[BlackElo "2394"]
[PlyCount "94"]
[GameId "2160767912519411"]
[EventDate "1989.05.06"]
[EventType "tourn"]
[EventRounds "7"]
[EventCountry "CAN"]
[SourceTitle "EXT 2017"]
[Source "ChessBase"]
[SourceDate "2016.10.25"]
[SourceVersion "1"]
[SourceVersionDate "2016.10.25"]
[SourceQuality "1"]

1. c4 Nf6 2. Nc3 e5 3. Nf3 Nc6 4. g3 d5 5. cxd5 Nxd5 6. Bg2 Nb6 7. O-O Be7 8. b3 O-O 9. Bb2 f5 10. Rc1 Bf6 11. Ne1 Be6 12. Nd3 Qe7 13. Nb5 a6 14. Ba3 Qf7 15. Nc3 Rfd8 16. Nc5 Bc8 17. e3 e4 18. d4 exd3 19. Nxd3 Be6 20. Qe2 Nd5 21. Na4 Ne5 22. Nf4 Nxf4 23. exf4 Nc6 24. Nc5 Nd4 25. Qe3 Bd5 26. Rfe1 Bxg2 27. Kxg2 Re8 28. Qd3 b6 29. Na4 Qd5+ 30. f3 Kh8 31. Bb2 Rad8 32. Bxd4 Bxd4 33. Rxe8+ Rxe8 34. Rxc7 h6 35. Nxb6 Qd6 36. Rd7 Qxb6 37. Rxd4 Qa5 38. Qd2 Qb6 39. Rd5 Qf6 40. Kf2 Rf8 41. Rd6 Qa1 42. Kg2 Rc8 43. Rxa6 Qb1 44. Rxh6+ gxh6 45. Qd4+ Kg8 46. Qd5+ Kf8 47. Qd6+ Ke8 1/2-1/2

[Event "Alberta-ch"]
[Site "Calgary CAN"]
[Date "1989.05.13"]
[Round "5"]
[White "Yearwood, Roy"]
[Black "Huber, Gregory"]
[Result "1-0"]
[WhiteElo "2029"]
[BlackElo "2118"]
[PlyCount "55"]
[GameId "2160767912519412"]
[EventDate "1989.05.06"]
[EventType "tourn"]
[EventRounds "7"]
[EventCountry "CAN"]
[SourceTitle "EXT 2017"]
[Source "ChessBase"]
[SourceDate "2016.10.25"]
[SourceVersion "1"]
[SourceVersionDate "2016.10.25"]
[SourceQuality "1"]

1. d4 Nf6 2. c4 c5 3. d5 g6 4. Nc3 d6 5. e4 Bg7 6. Nf3 O-O 7. Be2 e6 8. O-O exd5 9. exd5 a6 10. h3 Re8 11. Bd3 Nfd7 12. Ne4 Ne5 13. Bg5 f6 14. Bh4 Nxc4 15. Qc2 Nb6 16. Rae1 Rf8 17. Bg3 f5 18. Nxd6 f4 19. Nxc8 Qxc8 20. Bh4 c4 21. Bxg6 hxg6 22. Qxg6 Nxd5 23. Re6 Nd7 24. Rfe1 N7f6 25. Bxf6 Nxf6 26. Re7 Ne8 27. Rxg7+ Nxg7 28. Re7 1-0

[Event "Alberta-ch"]
[Site "Calgary CAN"]
[Date "1989.05.14"]
[Round "6"]
[White "Frialde, Arniel"]
[Black "South, Robert"]
[Result "1-0"]
[WhiteElo "2221"]
[BlackElo "2280"]
[PlyCount "93"]
[GameId "2160767912519413"]
[EventDate "1989.05.06"]
[EventType "tourn"]
[EventRounds "7"]
[EventCountry "CAN"]
[SourceTitle "EXT 2017"]
[Source "ChessBase"]
[SourceDate "2016.10.25"]
[SourceVersion "1"]
[SourceVersionDate "2016.10.25"]
[SourceQuality "1"]

1. Nf3 d6 2. d4 Bg4 3. Nbd2 e6 4. g3 Nf6 5. Bg2 Be7 6. b3 O-O 7. Bb2 Nbd7 8. O-O c6 9. c4 d5 10. c5 h6 11. b4 a5 12. a3 Bf5 13. Qb3 a4 14. Qd1 Ne8 15. Rc1 Nc7 16. Ne5 Nb5 17. e4 Bh7 18. Nxd7 Qxd7 19. e5 f5 20. f4 g5 21. Nb1 Bg6 22. Kh1 Rf7 23. Rg1 Rg7 24. Bf3 g4 25. Be2 h5 26. Kg2 h4 27. Rh1 Kf7 28. Nc3 Nxc3 29. Bxc3 Rh7 30. Be1 hxg3 31. Bxg3 Bh4 32. Qc2 Kg7 33. Rcg1 Rah8 34. Bf1 Qc8 35. Qxa4 Bf7 36. b5 Qa8 37. Qb4 Bd8 38. b6 Bh4 39. a4 Rh6 40. a5 Qg8 41. Kf2 Bxg3+ 42. Rxg3 Rxh2+ 43. Rxh2 Rxh2+ 44. Bg2 Qh8 45. a6 bxa6 46. b7 Qh7 47. Kg1 1-0

[Event "Alberta-ch"]
[Site "Calgary CAN"]
[Date "1989.05.14"]
[Round "6"]
[White "Gardner, Robert"]
[Black "Huber, Gregory"]
[Result "0-1"]
[WhiteElo "2245"]
[BlackElo "2118"]
[PlyCount "82"]
[GameId "2160767912519414"]
[EventDate "1989.05.06"]
[EventType "tourn"]
[EventRounds "7"]
[EventCountry "CAN"]
[SourceTitle "EXT 2017"]
[Source "ChessBase"]
[SourceDate "2016.10.25"]
[SourceVersion "1"]
[SourceVersionDate "2016.10.25"]
[SourceQuality "1"]

1. e4 c5 2. Nf3 d6 3. d4 cxd4 4. Nxd4 Nf6 5. Nc3 a6 6. f4 e5 7. Nf3 Qc7 8. a4 Nbd7 9. Bd3 Be7 10. O-O O-O 11. Nh4 exf4 12. Nf5 Ne5 13. Rxf4 Re8 14. Be3 Bf8 15. Nxg7 Bxg7 16. Rxf6 Ng4 17. Nd5 Qc6 18. Rf3 f5 19. Be2 fxe4 20. Rg3 Nxe3 21. Nxe3 Kh8 22. Rxg7 Kxg7 23. Qd4+ Re5 24. Nc4 Qc5 25. c3 Qxd4+ 26. cxd4 Rg5 27. Nxd6 Bh3 28. Bf1 e3 29. Ne4 Rg6 30. Re1 Re8 31. Rxe3 Bc8 32. Bd3 Rge6 33. Rg3+ Kh8 34. Ng5 Rf6 35. h4 h6 36. Ne4 Rf4 37. Nd6 Re1+ 38. Kh2 Rxh4+ 39. Rh3 Bxh3 40. gxh3 Rxd4 41. Nf7+ Kg7 0-1

[Event "Alberta-ch"]
[Site "Calgary CAN"]
[Date "1989.05.14"]
[Round "6"]
[White "Reeve, Jeff"]
[Black "Plante, Rejean"]
[Result "1-0"]
[WhiteElo "2394"]
[BlackElo "2151"]
[PlyCount "52"]
[GameId "2160767912519415"]
[EventDate "1989.05.06"]
[EventType "tourn"]
[EventRounds "7"]
[EventCountry "CAN"]
[SourceTitle "EXT 2017"]
[Source "ChessBase"]
[SourceDate "2016.10.25"]
[SourceVersion "1"]
[SourceVersionDate "2016.10.25"]
[SourceQuality "1"]

1. e4 e5 2. Nf3 Nc6 3. Bb5 a6 4. Bxc6 dxc6 5. O-O Bg4 6. h3 Bh5 7. g4 Bg6 8. Nxe5 Qh4 9. Qf3 f6 10. Nxg6 hxg6 11. Kg2 Bd6 12. d4 O-O-O 13. Nd2 c5 14. d5 Ne7 15. Nc4 f5 16. e5 Nxd5 17. exd6 cxd6 18. Rh1 Nf6 19. Qg3 Qxg3+ 20. fxg3 fxg4 21. Bf4 gxh3+ 22. Rxh3 Rxh3 23. Kxh3 Rh8+ 24. Kg2 Kd7 25. Nxd6 g5 26. Rd1 Ke6 1-0

[Event "Alberta-ch"]
[Site "Calgary CAN"]
[Date "1989.05.14"]
[Round "6"]
[White "Sharp, Neil"]
[Black "Yearwood, Roy"]
[Result "1-0"]
[WhiteElo "2221"]
[BlackElo "2029"]
[PlyCount "47"]
[GameId "2160767912519416"]
[EventDate "1989.05.06"]
[EventType "tourn"]
[EventRounds "7"]
[EventCountry "CAN"]
[SourceTitle "EXT 2017"]
[Source "ChessBase"]
[SourceDate "2016.10.25"]
[SourceVersion "1"]
[SourceVersionDate "2016.10.25"]
[SourceQuality "1"]

1. e4 g6 2. d4 Bg7 3. Nc3 d6 4. Nf3 Bg4 5. Be3 Nc6 6. Be2 Bxf3 7. Bxf3 e6 8. Qd2 Nge7 9. O-O-O O-O 10. h4 f5 11. Ne2 h5 12. Nf4 Qd7 13. d5 Nd8 14. dxe6 Nxe6 15. Rhe1 Nxf4 16. Bxf4 Qa4 17. Kb1 Kh7 18. g3 Rae8 19. c3 Qc4 20. e5 dxe5 21. Bxe5 Rd8 22. Qf4 Rxd1+ 23. Rxd1 c6 24. Qxc4 1-0

[Event "Alberta-ch"]
[Site "Calgary CAN"]
[Date "1989.05.14"]
[Round "7"]
[White "Huber, Gregory"]
[Black "Sharp, Neil"]
[Result "1-0"]
[WhiteElo "2118"]
[BlackElo "2221"]
[PlyCount "70"]
[GameId "2160767912519417"]
[EventDate "1989.05.06"]
[EventType "tourn"]
[EventRounds "7"]
[EventCountry "CAN"]
[SourceTitle "EXT 2017"]
[Source "ChessBase"]
[SourceDate "2016.10.25"]
[SourceVersion "1"]
[SourceVersionDate "2016.10.25"]
[SourceQuality "1"]

1. e4 e5 2. Nc3 Nf6 3. Bc4 Nc6 4. d3 Bb4 5. Bg5 h6 6. Bh4 d6 7. Nge2 Be6 8. O-O g5 9. Bg3 h5 10. f3 Ne7 11. Bxe6 fxe6 12. d4 h4 13. Bf2 Ng6 14. Qd3 Bxc3 15. Qxc3 Qe7 16. dxe5 dxe5 17. Rad1 b6 18. Be3 Nf4 19. Nc1 O-O 20. Qxe5 N6h5 21. Bd4 Kh7 22. Rd2 Rad8 23. Rfd1 c5 24. Be3 Kh6 25. Nd3 Ng6 26. Qc3 e5 27. Nf2 Nhf4 28. Ng4+ Kh5 29. Kf2 Rxd2+ 30. Qxd2 Qe6 31. b3 Rf7 32. Kg1 h3 33. g3 Ng2 34. Bxg5 Rxf3 35. Bf6 Qxg4 1-0

[Event "Alberta-ch"]
[Site "Calgary CAN"]
[Date "1989.05.14"]
[Round "7"]
[White "South, Robert"]
[Black "Gardner, Robert"]
[Result "1-0"]
[WhiteElo "2280"]
[BlackElo "2245"]
[PlyCount "107"]
[GameId "2160767912519418"]
[EventDate "1989.05.06"]
[EventType "tourn"]
[EventRounds "7"]
[EventCountry "CAN"]
[SourceTitle "EXT 2017"]
[Source "ChessBase"]
[SourceDate "2016.10.25"]
[SourceVersion "1"]
[SourceVersionDate "2016.10.25"]
[SourceQuality "1"]

1. e4 c5 2. Nf3 d6 3. g3 g6 4. Bg2 Bg7 5. O-O Nc6 6. c3 Nf6 7. d3 O-O 8. Nbd2 e5 9. a3 a5 10. a4 b6 11. Nc4 h6 12. Re1 Be6 13. Nfd2 Qc7 14. Ne3 Ne7 15. c4 Nc6 16. Nb1 Nd4 17. Nc3 Rae8 18. b3 Qc8 19. f3 Kh7 20. Ra2 Qd8 21. Rf2 Ng8 22. Ned5 f6 23. f4 Bd7 24. f5 gxf5 25. exf5 Ne7 26. Be4 Rh8 27. Qh5 Kg8 28. Nxe7+ Rxe7 29. Nd5 Rf7 30. Be3 Be8 31. Qd1 Kf8 32. g4 Nc6 33. h4 Nb4 34. Ref1 Nxd5 35. Bxd5 Rc7 36. Qf3 Bf7 37. g5 hxg5 38. hxg5 Ra7 39. Rg2 Rc7 40. Rff2 Ra7 41. g6 Bxd5 42. Qxd5 Re7 43. Rh2 Rg8 44. Rh7 Qd7 45. Kg2 Qb7 46. Qxb7 Rxb7 47. Kf3 d5 48. cxd5 Rh8 49. Rfh2 Kg8 50. Ke4 Rd7 51. Rxh8+ Bxh8 52. Rh7 Rxh7 53. gxh7+ Kf7 54. d6 1-0

[Event "Alberta-ch"]
[Site "Calgary CAN"]
[Date "1989.05.14"]
[Round "7"]
[White "Yearwood, Roy"]
[Black "Reeve, Jeff"]
[Result "0-1"]
[WhiteElo "2029"]
[BlackElo "2394"]
[PlyCount "66"]
[GameId "2160767912519419"]
[EventDate "1989.05.06"]
[EventType "tourn"]
[EventRounds "7"]
[EventCountry "CAN"]
[SourceTitle "EXT 2017"]
[Source "ChessBase"]
[SourceDate "2016.10.25"]
[SourceVersion "1"]
[SourceVersionDate "2016.10.25"]
[SourceQuality "1"]

1. c4 Nf6 2. Nc3 e5 3. g3 d5 4. cxd5 Nxd5 5. Bg2 Nb6 6. Nf3 Nc6 7. O-O Be7 8. d3 O-O 9. Be3 Be6 10. Ne4 f5 11. Nc5 Bxc5 12. Bxc5 Re8 13. b3 Qf6 14. Qd2 Rad8 15. Qb2 Nd5 16. Rac1 h6 17. Nd2 Nd4 18. Nc4 b6 19. Ba3 f4 20. Rfe1 b5 21. e3 bxc4 22. dxc4 fxe3 23. cxd5 Bxd5 24. Bxd5+ Rxd5 25. Rxe3 e4 26. Rxc7 Nf3+ 27. Kg2 Qg6 28. Qe2 Rh5 29. Rxf3 exf3+ 30. Qxf3 Rf5 31. Qb7 Qg4 32. Bc5 a6 33. Be3 Rxe3 0-1

[Event "Amateur ch"]
[Site "Montreal CAN"]
[Date "1989.??.??"]
[Round "?"]
[White "Cazelais, Marc"]
[Black "Roos, Celine"]
[Result "0-1"]
[WhiteElo "2022"]
[BlackElo "2047"]
[PlyCount "60"]
[GameId "2160767912519872"]
[EventDate "1989.??.??"]
[EventType "swiss"]
[EventRounds "5"]
[EventCountry "CAN"]

1. e4 c6 2. d4 d5 3. exd5 cxd5 4. c4 Nf6 5. Nc3 e6 6. Nf3 Be7 7. c5 b6 8. b4 O-O 9. Bf4 Ne4 10. Rc1 a5 11. a3 axb4 12. axb4 bxc5 13. dxc5 Nc6 14. Qb3 Nxc3 15. Qxc3 Bf6 16. Qb3 e5 17. Bg3 e4 18. Nd2 Re8 19. Be2 Nd4 20. Qe3 Nf5 21. Qb3 e3 22. Nf3 exf2+ 23. Kxf2 Bd4+ 24. Kf1 Rxe2 25. Kxe2 Ba6+ 26. Kd2 Be3+ 27. Kc2 Bc4 28. Qc3 Ra2+ 29. Kb1 Qa8 30. c6 Ra3 0-1

[Event "Amateur ch"]
[Site "Montreal CAN"]
[Date "1989.??.??"]
[Round "?"]
[White "Dion, Francis"]
[Black "Cazelais, Marc"]
[Result "0-1"]
[WhiteElo "1825"]
[BlackElo "2022"]
[PlyCount "64"]
[GameId "2160767912519873"]
[EventDate "1989.??.??"]
[EventType "swiss"]
[EventRounds "5"]
[EventCountry "CAN"]

1. e4 e5 2. Nf3 Nc6 3. Bb5 a6 4. Ba4 Nf6 5. O-O Be7 6. Re1 b5 7. Bb3 O-O 8. c3 d5 9. exd5 Nxd5 10. Nxe5 Nxe5 11. Rxe5 c6 12. d4 Bd6 13. Re1 Qh4 14. g3 Qh3 15. Qe2 Bg4 16. Qf1 Qh5 17. Bd1 Bxd1 18. Rxd1 f5 19. f4 g5 20. Rd3 Rae8 21. Rf3 gxf4 22. Bxf4 Bxf4 23. gxf4 Kh8 24. Na3 Rg8+ 25. Kh1 Ne3 26. Rh3 Qf7 27. Qf3 Ng4 28. Nc2 Qd5 29. Rf1 Re2 30. Nb4 Nf2+ 31. Rxf2 Re1+ 32. Rf1 Rxf1# 0-1

[Event "Amateur ch"]
[Site "Montreal CAN"]
[Date "1989.??.??"]
[Round "?"]
[White "Goldner, John"]
[Black "Horic, Camil"]
[Result "0-1"]
[WhiteElo "1633"]
[BlackElo "1759"]
[PlyCount "86"]
[GameId "2160767912519875"]
[EventDate "1989.??.??"]
[EventType "swiss"]
[EventRounds "5"]
[EventCountry "CAN"]

1. e4 d6 2. d4 g6 3. c4 Bg7 4. Nc3 Nf6 5. Be2 O-O 6. Bg5 Nbd7 7. Qd2 c5 8. d5 a6 9. a4 Qc7 10. Nf3 e6 11. dxe6 fxe6 12. Rd1 Qc6 13. Qxd6 Nxe4 14. Qxc6 Bxc3+ 15. bxc3 bxc6 16. Bd2 Nb6 17. Bh6 Re8 18. a5 Na4 19. Ne5 Naxc3 20. Rd3 Rb8 21. Bd1 Rb2 22. O-O Ne2+ 23. Bxe2 Rxe2 24. f4 Rd2 25. Rd1 Rxd1+ 26. Rxd1 Nf6 27. Rd3 Re7 28. Rd8+ Re8 29. Rd6 Ne4 30. Rd3 Nf6 31. Kf2 Re7 32. Rd8+ Re8 33. Rd3 Re7 34. Rd8+ Re8 35. Rxe8+ Nxe8 36. Nxc6 Nd6 37. Ne7+ Kf7 38. Nxc8 Nxc8 39. Ke3 Nd6 40. Kd3 Nb7 41. Bg5 Nxa5 42. Bd8 Nb7 43. Bc7 h5 0-1

[Event "Amateur ch"]
[Site "Montreal CAN"]
[Date "1989.??.??"]
[Round "?"]
[White "Roy, Alain"]
[Black "Cabana, Gilbert"]
[Result "1/2-1/2"]
[WhiteElo "2113"]
[BlackElo "1987"]
[PlyCount "113"]
[GameId "2160767912519876"]
[EventDate "1989.??.??"]
[EventType "swiss"]
[EventRounds "5"]
[EventCountry "CAN"]

1. c4 c5 2. Nc3 Nc6 3. Nf3 g6 4. g3 Bg7 5. Bg2 Nf6 6. e4 d6 7. h3 a6 8. d3 O-O 9. Be3 h6 10. Qd2 Kh7 11. O-O Bd7 12. Nh4 e5 13. b3 Rb8 14. Rad1 b5 15. Kh2 Nd4 16. Bxd4 cxd4 17. Ne2 h5 18. f4 exf4 19. Rxf4 g5 20. Rxf6 Qxf6 21. Rf1 Qh6 22. Nf5 Bxf5 23. Rxf5 Be5 24. Qxg5 Qxg5 25. Rxg5 bxc4 26. dxc4 Kh6 27. h4 Rg8 28. Rf5 f6 29. Bf3 a5 30. Rxh5+ Kg7 31. Nf4 a4 32. Bd1 axb3 33. Bxb3 Rh8 34. Rf5 Rb6 35. Kg2 Rbb8 36. Kf3 Rxb3+ 37. axb3 Rb8 38. Ne6+ Kf7 39. Nxd4 Bxd4 40. Rb5 Rxb5 41. cxb5 Kg6 42. g4 Bg1 43. Ke2 Kf7 44. Kd3 Ke6 45. h5 Bf2 46. Kc4 Bc5 47. h6 Kf7 48. Kd5 Kg6 49. Ke6 Bd4 50. b6 Bxb6 51. h7 Kxh7 52. Kxf6 Bc5 53. g5 Kg8 54. Ke6 Kg7 55. Kd5 Ba3 56. e5 dxe5 57. Kxe5 1/2-1/2

[Event "Amos"]
[Site "Amos CAN"]
[Date "1989.03.18"]
[Round "1"]
[White "Gagnon, Fabien"]
[Black "Faubert, Denis"]
[Result "1-0"]
[WhiteElo "1799"]
[BlackElo "1185"]
[PlyCount "65"]
[GameId "2160767912519597"]
[EventDate "1989.03.18"]
[EventType "swiss"]
[EventRounds "4"]
[EventCountry "CAN"]

1. d4 Nf6 2. Nf3 e6 3. c4 d6 4. Nc3 b6 5. e4 Bb7 6. Bd3 Be7 7. O-O O-O 8. Re1 Nbd7 9. Bf4 Nh5 10. Bd2 f5 11. exf5 exf5 12. d5 f4 13. Nd4 Qe8 14. Nf5 Ne5 15. Nxe7+ Qxe7 16. Qxh5 g6 17. Qd1 Qh4 18. Rxe5 dxe5 19. Be4 Rf6 20. d6 c6 21. c5 Rd8 22. b4 g5 23. g3 fxg3 24. fxg3 Qh3 25. Bxg5 Rf2 26. Kxf2 Rf8+ 27. Ke3 Qxh2 28. Bf3 Qxg3 29. Ne4 Qh3 30. Qf1 Qh2 31. Qg1 Rxf3+ 32. Kxf3 Qh5+ 33. Qg4 1-0

[Event "Amos"]
[Site "Amos CAN"]
[Date "1989.03.18"]
[Round "2"]
[White "Piche, Andre"]
[Black "Gagnon, Fabien"]
[Result "0-1"]
[WhiteElo "1433"]
[BlackElo "1799"]
[PlyCount "56"]
[GameId "2160767912519598"]
[EventDate "1989.03.18"]
[EventType "swiss"]
[EventRounds "4"]
[EventCountry "CAN"]

1. e4 c6 2. d4 d5 3. e5 Bf5 4. Ne2 e6 5. Ng3 Bg6 6. Be2 c5 7. dxc5 Bxc5 8. Nd2 Ne7 9. O-O Nd7 10. Nf3 Nc6 11. Bf4 Qc7 12. Bb5 O-O 13. c3 a6 14. Bxc6 bxc6 15. Re1 Ba7 16. Nh4 c5 17. Nxg6 fxg6 18. Qg4 Rae8 19. Re2 c4 20. Rae1 Nc5 21. Rb1 Nd3 22. Bg5 Rxf2 23. Rxf2 Nxf2 24. Qh4 Qxe5 25. Kf1 Rf8 26. Be7 Rf4 27. Qxf4 Qxf4 28. Ke2 Qe3+ 0-1

[Event "Amos"]
[Site "Amos CAN"]
[Date "1989.03.19"]
[Round "3"]
[White "Gagnon, Fabien"]
[Black "Saint-Pierre, Gilles"]
[Result "0-1"]
[WhiteElo "1799"]
[BlackElo "1850"]
[PlyCount "54"]
[GameId "2160767912519599"]
[EventDate "1989.03.18"]
[EventType "swiss"]
[EventRounds "4"]
[EventCountry "CAN"]

1. e4 e6 2. d4 d5 3. Nc3 Bb4 4. e5 c5 5. a3 Bxc3+ 6. bxc3 Ne7 7. Nf3 Nbc6 8. a4 Qa5 9. Bd2 Bd7 10. Be2 O-O-O 11. c4 Nb4 12. c3 Nbc6 13. O-O Qc7 14. Qc2 dxc4 15. Bxc4 h6 16. Rac1 Na5 17. Qa2 Nxc4 18. Qxc4 cxd4 19. Qb4 Nd5 20. cxd4 Nxb4 21. Rxc7+ Kxc7 22. Bxb4 Bxa4 23. Ra1 Bc6 24. Bc5 Bxf3 25. gxf3 a6 26. Rb1 Rd5 27. Kf1 b5 0-1

[Event "Amos"]
[Site "Amos CAN"]
[Date "1989.03.19"]
[Round "4"]
[White "Carle, Sebastien"]
[Black "Gagnon, Fabien"]
[Result "0-1"]
[WhiteElo "1406"]
[BlackElo "1799"]
[PlyCount "66"]
[GameId "2160767912519600"]
[EventDate "1989.03.18"]
[EventType "swiss"]
[EventRounds "4"]
[EventCountry "CAN"]

1. e4 g6 2. d4 Bg7 3. Nf3 d6 4. Nc3 Bg4 5. Be2 Nc6 6. O-O Bxf3 7. Bxf3 Nxd4 8. Be3 e5 9. Nd5 c6 10. c3 Nxf3+ 11. Qxf3 cxd5 12. exd5 Ne7 13. c4 O-O 14. Bg5 f6 15. Be3 f5 16. c5 e4 17. Qf4 Nxd5 18. Qxd6 Qxd6 19. cxd6 Nxe3 20. fxe3 Rfd8 21. Rad1 Rd7 22. b4 Rad8 23. h3 Rxd6 24. g4 Rxd1 25. gxf5 Bh6 26. Kf2 R8d2+ 27. Kg3 Rxf1 28. f6 g5 29. h4 gxh4+ 30. Kh3 Rg1 31. a4 Bg5 32. f7+ Kxf7 33. a5 Rg3# 0-1

[Event "Arnprior op"]
[Site "Arnprior CAN"]
[Date "1989.??.??"]
[Round "?"]
[White "Groot-Lipman, Jeff"]
[Black "Johnstone, Glenn"]
[Result "1/2-1/2"]
[WhiteElo "1858"]
[BlackElo "2346"]
[PlyCount "101"]
[GameId "2160767912519420"]
[EventDate "1989.05.??"]
[EventType "swiss"]
[EventRounds "5"]
[EventCountry "CAN"]
[SourceTitle "CFC 1989.08"]

1. e4 e5 2. Nf3 Nc6 3. Bb5 a6 4. Bxc6 dxc6 5. Nc3 f6 6. d4 exd4 7. Qxd4 Qxd4 8. Nxd4 Bd7 9. Be3 Bb4 10. Nde2 Ne7 11. a3 Bxc3+ 12. Nxc3 O-O-O 13. O-O Ng6 14. f4 Rhe8 15. Rad1 b6 16. b4 Ne7 17. Rd2 Nd5 18. Nxd5 cxd5 19. Rxd5 Rxe4 20. Rd3 Bb5 21. Rxd8+ Kxd8 22. Rf3 Rc4 23. Rg3 Rc3 24. Bd4 Rxg3 25. hxg3 Kd7 26. Kf2 Ke6 27. Ke3 Bc6 28. c4 Bxg2 29. g4 g6 30. g5 fxg5 31. fxg5 Bf1 32. c5 Kf5 33. cxb6 cxb6 34. Bf6 h5 35. Kf3 Bb5 36. Bd8 Ba4 37. Kg3 Bd1 38. Kh4 b5 39. Ba5 Ke4 40. Bb6 Kd5 41. Ba5 Kc4 42. Kg3 Kb3 43. Kh4 Kxa3 44. Kg3 Kb3 45. Kh4 Kc4 46. Kg3 Kd5 47. Kh4 Ke5 48. Bc7+ Ke4 49. Ba5 Kf5 50. Bb6 a5 51. Bxa5 1/2-1/2

[Event "Arnprior op"]
[Site "Arnprior CAN"]
[Date "1989.05.??"]
[Round "?"]
[White "Closs, Matthew"]
[Black "Kelly, Paul"]
[Result "1-0"]
[WhiteElo "1819"]
[BlackElo "1656"]
[PlyCount "79"]
[GameId "2160767912519421"]
[EventDate "1989.05.??"]
[EventType "swiss"]
[EventRounds "5"]
[EventCountry "CAN"]
[SourceTitle "CFC 1989.08"]

1. e4 e5 2. Nf3 Nc6 3. Bb5 a6 4. Ba4 Nf6 5. O-O Be7 6. Re1 b5 7. Bb3 O-O 8. c3 d6 9. d4 Bg4 10. d5 Na5 11. Bc2 c5 12. Nbd2 Qc7 13. Nf1 Rfc8 14. Ne3 Bxf3 15. Qxf3 c4 16. Nf5 Nb7 17. Nxe7+ Qxe7 18. Bg5 Nc5 19. Qf5 Ncd7 20. Re3 Qf8 21. Rg3 Kh8 22. Re1 Qe7 23. Ree3 g6 24. Qh3 Qe8 25. Qh4 Nh5 26. Rh3 f6 27. Bh6 Qg8 28. Qg4 Qf7 29. Ref3 Rg8 30. Qh4 Ng7 31. Bg5 Ne8 32. Qg4 Nf8 33. Rh4 Qe7 34. Bh6 Nd7 35. Rfh3 Rb8 36. f4 a5 37. Qe6 Qxe6 38. dxe6 Nc5 39. Bf8 h5 40. Rxh5+ 1-0

[Event "Autumn Frost"]
[Site "Ottawa CAN"]
[Date "1989.11.02"]
[Round "1"]
[White "Pacey, Kevin"]
[Black "Sarkar, Prosanto"]
[Result "0-1"]
[WhiteElo "2322"]
[BlackElo "2313"]
[PlyCount "82"]
[GameId "2160767912494189"]
[EventDate "1989.11.02"]
[EventType "tourn"]
[EventRounds "5"]
[EventCountry "CAN"]

1. e4 c5 2. Nf3 Nc6 3. Bb5 g6 4. O-O Bg7 5. Re1 e5 6. b4 cxb4 7. a3 Qb6 8. Bc4 Nge7 9. axb4 Nxb4 10. Na3 a6 11. Rb1 Qc5 12. Ng5 O-O 13. Qf3 d5 14. exd5 Nbxd5 15. d4 Qxd4 16. Rd1 Bg4 17. Rxd4 Bxf3 18. Rd2 b5 19. Bb3 Nc3 20. Nxf3 b4 21. Bb2 e4 22. Re1 exf3 23. Rxe7 Ne2+ 24. Kf1 Bxb2 25. Nc4 Bf6 26. Rb7 Nd4 27. gxf3 Nxb3 28. cxb3 Rad8 29. Rxd8 Rxd8 30. Rxb4 Rd1+ 31. Kg2 a5 32. Nxa5 Bc3 33. Rb8+ Kg7 34. Nc4 h5 35. b4 Rb1 36. b5 Rb4 37. Nd6 Bd4 38. Rb7 Rb2 39. Rxf7+ Kh6 40. f4 Rxf2+ 41. Kg3 Rb2 0-1

[Event "Autumn Frost"]
[Site "Ottawa CAN"]
[Date "1989.11.09"]
[Round "2"]
[White "Saleh, Maher"]
[Black "Pacey, Kevin"]
[Result "0-1"]
[WhiteElo "2144"]
[BlackElo "2322"]
[PlyCount "70"]
[GameId "2160767912494190"]
[EventDate "1989.11.02"]
[EventType "tourn"]
[EventRounds "5"]
[EventCountry "CAN"]

1. Nf3 d5 2. g3 Nf6 3. Bg2 g6 4. O-O Bg7 5. d4 O-O 6. c4 dxc4 7. Na3 c3 8. bxc3 c5 9. Qb3 Nc6 10. Rd1 Na5 11. Qb2 Bf5 12. Nh4 Be4 13. Bf4 Bxg2 14. Nxg2 cxd4 15. cxd4 Qd7 16. Be5 Qa4 17. Rdc1 Rac8 18. Rab1 b6 19. Nf4 Nc6 20. Nd3 Nxe5 21. Nxe5 Nd7 22. Nxd7 Qxd7 23. e3 e5 24. dxe5 Qd3 25. Nb5 a6 26. Nd4 b5 27. Nf3 Qe4 28. Kg2 Rce8 29. Rc5 Bxe5 30. Qc2 Qa8 31. Rd1 Re7 32. Rdd5 Bb8 33. Rc6 Re6 34. Rxe6 fxe6 35. Rd7 Qxf3+ 0-1

[Event "Autumn Frost"]
[Site "Ottawa CAN"]
[Date "1989.11.16"]
[Round "3"]
[White "Pacey, Kevin"]
[Black "Armstrong, John"]
[Result "1-0"]
[WhiteElo "2322"]
[BlackElo "2213"]
[PlyCount "21"]
[GameId "2160767912494191"]
[EventDate "1989.11.02"]
[EventType "tourn"]
[EventRounds "5"]
[EventCountry "CAN"]

1. e4 d6 2. d4 Nf6 3. Nc3 g6 4. Nf3 Bg7 5. h3 a6 6. a4 b6 7. Be3 c6 8. Qd2 Qc7 9. Bh6 Bxh6 10. Qxh6 e5 11. Qg7 1-0

[Event "Beloeil"]
[Site "Beloeil CAN"]
[Date "1989.06.25"]
[Round "2"]
[White "Lagasse, Pascal"]
[Black "Morin, Louis"]
[Result "0-1"]
[WhiteElo "2001"]
[BlackElo "1937"]
[PlyCount "28"]
[GameId "2160767912519134"]
[EventDate "1989.06.25"]
[EventType "swiss"]
[EventRounds "3"]
[EventCountry "CAN"]
[SourceTitle "hb 2013"]

1. e4 e5 2. Nf3 d6 3. d4 Nf6 4. dxe5 Nxe4 5. Qd5 Nc5 6. Bg5 Qd7 7. exd6 Bxd6 8. Nc3 O-O 9. O-O-O Nc6 10. Be3 Ne7 11. Qc4 Qe6 12. Qe2 Nf5 13. Ng5 Qg6 14. Bd2 Nd4 0-1

[Event "Beloeil"]
[Site "Beloeil CAN"]
[Date "1989.06.25"]
[Round "3"]
[White "Morin, Louis"]
[Black "Weston, Paul"]
[Result "1-0"]
[WhiteElo "1937"]
[BlackElo "1844"]
[PlyCount "73"]
[GameId "2160767912519135"]
[EventDate "1989.06.25"]
[EventType "swiss"]
[EventRounds "3"]
[EventCountry "CAN"]
[SourceTitle "hb 2013"]

1. e4 e6 2. d4 d5 3. e5 c5 4. c3 Nc6 5. Nf3 Qb6 6. Bd3 Bd7 7. dxc5 Bxc5 8. O-O Nge7 9. b4 Nxb4 10. cxb4 Bd4 11. Be3 Bxe3 12. fxe3 Qxe3+ 13. Kh1 Ng6 14. Qd2 Qxd2 15. Nbxd2 Rc8 16. Rfc1 Ke7 17. Bxg6 hxg6 18. Nb3 b6 19. Rxc8 Rxc8 20. Rc1 Rxc1+ 21. Nxc1 f6 22. Nd3 Bb5 23. Nf4 g5 24. Nxe6 Bc4 25. Ned4 Bxa2 26. Nc6+ Ke6 27. Nfd4+ Kd7 28. e6+ Kd6 29. Nxa7 Bb1 30. Nab5+ Ke5 31. e7 Bg6 32. Nc6+ Ke6 33. Nbd4+ Kd7 34. b5 Be8 35. Kg1 Kd6 36. Nf5+ Ke6 37. Nxg7+ 1-0

[Event "Beloeil Mini 1"]
[Site "Beloeil CAN"]
[Date "1989.01.28"]
[Round "1"]
[White "Lizotte, Michel"]
[Black "Morin, Louis"]
[Result "0-1"]
[WhiteElo "1558"]
[BlackElo "1910"]
[PlyCount "60"]
[GameId "2160767912519794"]
[EventDate "1989.01.28"]
[EventType "swiss"]
[EventRounds "3"]
[EventCountry "CAN"]
[SourceTitle "hb 2013"]

1. f4 d5 2. d3 c5 3. Nc3 d4 4. Ne4 f5 5. Nf2 Nf6 6. c4 Nc6 7. Nf3 Qd6 8. g3 a6 9. Bg2 b5 10. Ne5 Bb7 11. cxb5 axb5 12. Qb3 Qc7 13. Qf7+ Kd8 14. O-O Nxe5 15. fxe5 Bxg2 16. exf6 Bxf1 17. Qd5+ Qd6 18. Qxa8+ Kd7 19. Qb7+ Ke8 20. Qxb5+ Kf7 21. fxe7 Bxe7 22. Bf4 Qe6 23. Kxf1 g5 24. Bd2 Kg6 25. Qc4 Qc6 26. b4 h5 27. b5 Qd6 28. Qa4 Bf6 29. Qa6 Qe5 30. Rc1 h4 0-1